Normal view
MARC view
- مسؤوليات الصحافة
Entry Topical Term
001 - CONTROL NUMBER
- control field: 38971
003 - CONTROL NUMBER IDENTIFIER
- control field: JO-AjAnu
005 - DATE AND TIME OF LATEST TRANSACTION
- control field: 20230606080503.0
008 - FIXED-LENGTH DATA ELEMENTS
- fixed length control field: 230606|| aca||aabn | a|a d
040 ## - CATALOGING SOURCE
- Original cataloging agency: JO-AjAnu
- Transcribing agency: JO-AjAnu
150 ## - HEADING--TOPICAL TERM
- Topical term or geographic name entry element: مسؤوليات الصحافة
670 ## - SOURCE DATA FOUND
- Source citation: Work cat.: (JO-AjAnu)19987: تأليف شمول، روبرت ؛ ترجمة الفرد عصفور ؛ تدقيق وتحرير رائد السمرة, author 38970, مسؤوليات الصحافة =THE RESPONSIBILITIES OF JOURNALISM